| 000 | 01244nam a2200361 a 4500 | ||
|---|---|---|---|
| 001 | 000037772 | ||
| 003 | DO-SdBPM | ||
| 005 | 20260223092434.0 | ||
| 007 | ta | ||
| 008 | 130305s2007 dr ac r 000 0 spa d | ||
| 020 | _a9789993493440 | ||
| 040 |
_aDO-SdBPM _bspa _cBPMSU _erda |
||
| 041 | 0 | 7 |
_aspa _2eng |
| 082 | 0 | 4 |
_a796.092 _bP438m 2007 _222 |
| 100 | 1 |
_aPérez Guante, Carlos _4aut. _eautor |
|
| 245 | 1 | 0 |
_aMacorisanos al bate = _bMacorisano at bat / _cCarlos Pérez Guante ; traducción Adolfo Camarena. |
| 246 | 1 | 0 | _aMacorisano at bat |
| 260 |
_a _b |
||
| 264 |
_aSanto Domingo : _bEditora Corripio, _c2007. |
||
| 300 |
_a145 páginas : _bilustraciones., retratos. ; _c24 cm. |
||
| 336 |
_atexto _btxt _2rdacontent |
||
| 337 |
_asin mediación _bn _2rdamedia |
||
| 338 |
_avolumen _bnc _2rdacarrier |
||
| 546 | _aTexto en inglés y español. | ||
| 590 | _aInventariado, 2026/VM | ||
| 650 | 7 |
_aBeisbol _zRepública Dominicana _vBiografías |
|
| 650 | 7 | _aJugadores de beisbol | |
| 650 | 7 |
_aDeportistas _zRepública Dominicana _vBiografías |
|
| 651 | 7 |
_aSan Pedro De Macorís (República Dominicana) _vBiografías |
|
| 700 | 1 |
_aCamarena, Adolfo, _etraductor |
|
| 910 | _aVMAteo V. Control de calidad. BPMSU | ||
| 942 |
_2ddc _cBK |
||
| 999 |
_c8126 _d8126 |
||